| 000 | 00634nam a2200205 4500 | ||
|---|---|---|---|
| 001 | 126622 | ||
| 003 | ES-MaACL | ||
| 005 | 20230906192842.0 | ||
| 007 | t| | ||
| 008 | 070214s1966 sp r ||||1| spa d | ||
| 245 | 0 | 0 | _aRevelación, fé y proclamación. |
| 250 | _a1ª. ed. | ||
| 260 |
_aBarcelona : _bEstela, _c1966. |
||
| 300 |
_a172 p. ; _c23 cm. |
||
| 490 | 1 | _aInstituto de sociología y pastoral aplicadas | |
| 710 | 0 | 0 |
_aInstituto de Sociología y Pastoral Aplicadas (Barcelona) _95011 |
| 830 | 0 |
_aInstituto de sociología y pastoral aplicadas _9219126 |
|
| 852 |
_aES-MaACL _jC-31766 _bR.62125 |
||
| 999 |
_c126622 _d126622 |
||